[Event "Summer TNM"]
[Site "San Francisco"]
[Date "2005.06.28"]
[Round "3"]
[White "Wood, Jared"]
[Black "Barrera, Jorge"]
[Result "1-0"]
[WhiteElo "1800"]
[BlackElo "1365"]
[PlyCount "60"]
[EventDate "2005.06.14"]
[EventType "swiss"]
[EventRounds "8"]
[EventCountry "USA"]

1. e4 c5 2. c3 Nc6 3. d4 cxd4 4. cxd4 e6 5. Nf3 Nf6 6. d5 exd5 7. exd5 Bb4+ 8.
Nc3 Ne7 9. Bc4 Qa5 10. Bd2 d6 11. O-O O-O 12. Re1 Re8 13. a3 Bxc3 14. Bxc3 Qc7
15. Bxf6 gxf6 16. Rc1 Qb6 17. Qd2 Bg4 18. Qc3 Bxf3 19. gxf3 Kg7 20. h4 Ng6 21.
h5 Ne5 22. f4 Nxc4 23. h6+ Kf8 24. Qxc4 Rxe1+ 25. Rxe1 Re8 26. Rxe8+ Kxe8 27.
Qe4+ Kd7 28. Qxh7 Qxb2 29. Qf5+ Ke7 30. h7 Qc1+ 1-0

[Event "Summer TNM"]
[Site "San Francisco"]
[Date "2005.07.12"]
[Round "5"]
[White "Brown, Nicholas"]
[Black "Akol, Haluk"]
[Result "1-0"]
[WhiteElo "1437"]
[BlackElo "1171"]
[PlyCount "73"]
[EventDate "2005.06.14"]
[EventType "swiss"]
[EventRounds "8"]
[EventCountry "USA"]

1. d4 d5 2. c4 e6 3. Nc3 Nc6 4. cxd5 exd5 5. Nf3 h6 6. Bf4 a6 7. e3 Nf6 8. Bd3
Bg4 9. h3 Be6 10. O-O Be7 11. Re1 Qd7 12. Bf1 g5 13. Ne5 gxf4 14. Nxd7 Kxd7 15.
exf4 Bf5 16. Bd3 Be6 17. f5 Bxf5 18. Bxf5+ Kd8 19. Qd2 Bd6 20. Re2 Ne7 21. Bg4
c6 22. Qe3 h5 23. Bf3 Re8 24. Qg5 Neg8 25. Rxe8+ Kxe8 26. Re1+ Kf8 27. Bxh5 Be7
28. Na4 Re8 29. Nc5 Bxc5 30. Rxe8+ Kxe8 31. dxc5 Kf8 32. Qe5 Kg7 33. g4 Kf8 34.
Qc7 Nxh5 35. gxh5 d4 36. Qd6+ Ne7 37. Qd8+ 1-0

[Event "Summer TNM"]
[Site "San Francisco"]
[Date "2005.07.12"]
[Round "5"]
[White "Chen, Mingson"]
[Black "Salvo, Tab"]
[Result "0-1"]
[WhiteElo "1952"]
[BlackElo "1650"]
[PlyCount "28"]
[EventDate "2005.06.14"]
[EventType "swiss"]
[EventRounds "8"]
[EventCountry "USA"]

1. d4 Nf6 2. Nf3 g6 3. c4 Bg7 4. Nc3 d6 5. g3 O-O 6. Bg2 Na6 7. O-O c5 8. Re1
cxd4 9. Nxd4 Nc5 10. b3 Rb8 11. Bb2 a6 12. Qd2 Bd7 13. Rad1 Qa5 14. Nd5 Qd8 {
remainder illegible} 0-1

[Event "Summer TNM"]
[Site "San Francisco"]
[Date "2005.07.12"]
[Round "5"]
[White "Chernobilskiy, Mikhail"]
[Black "Russell, Joe"]
[Result "1-0"]
[WhiteElo "1673"]
[BlackElo "1227"]
[PlyCount "97"]
[EventDate "2005.06.14"]
[EventType "swiss"]
[EventRounds "8"]
[EventCountry "USA"]

1. d4 Nf6 2. c4 e6 3. Nf3 d5 4. e3 Bb4+ 5. Nc3 O-O 6. Qc2 c5 7. Bd2 dxc4 8.
Bxc4 b6 9. O-O Bb7 10. Rad1 Qc7 11. Nb5 Qe7 12. Bxb4 cxb4 13. d5 exd5 14. Bb3
Na6 15. Qe2 Nc5 16. Bc2 Ba6 17. Nfd4 Rac8 18. Rfe1 Rfd8 19. Qf3 Bxb5 20. Nxb5
Ne6 21. Bb3 a6 22. Nd4 Nxd4 23. Rxd4 Re8 24. Red1 Red8 25. h3 a5 26. Qf5 g6 27.
Qd3 Kg7 28. Qd2 Re8 29. Bc2 b5 30. Bb3 Rc5 31. Bxd5 Nxd5 32. Rxd5 Rxd5 33. Qxd5
Qe5 34. Qxe5+ Rxe5 35. Kf1 Kf6 36. Ke2 Ke6 37. Rd4 f5 38. f3 Rd5 39. Rxd5 Kxd5
40. Kd3 a4 41. e4+ fxe4+ 42. fxe4+ Ke5 43. Ke3 b3 44. axb3 axb3 45. h4 h6 46.
g3 g5 47. h5 g4 48. Kd3 b4 49. Ke3 1-0

[Event "Summer TNM"]
[Site "San Francisco"]
[Date "2005.07.12"]
[Round "5"]
[White "Crawford, Gareth"]
[Black "Dunham, Tom"]
[Result "0-1"]
[WhiteElo "1339"]
[BlackElo "1098"]
[PlyCount "88"]
[EventDate "2005.06.14"]
[EventType "swiss"]
[EventRounds "8"]
[EventCountry "USA"]

1. e4 c5 2. Nf3 d6 3. Bb5+ Nd7 4. d4 Ngf6 5. Nc3 a6 6. Bxd7+ Nxd7 7. O-O cxd4
8. Qxd4 e5 9. Qd3 Nf6 10. h3 Be7 11. Be3 Be6 12. Ng5 Bd7 13. Nd5 Nxd5 14. exd5
Bxg5 15. Bxg5 Qxg5 16. Qe3 Qxe3 17. fxe3 O-O 18. Rf2 Rac8 19. c4 Rxc4 20. Re1
Rfc8 21. Ree2 Bb5 22. Rd2 g6 23. Kh2 f5 24. Kg3 Kg7 25. Kf3 h5 26. Kg3 R8c5 27.
b3 Rc3 28. Kf3 g5 29. g4 hxg4+ 30. hxg4 f4 31. Rd1 Rxe3+ 32. Kg2 Rg3+ 33. Kh2
Rc8 34. Rg2 Rh8+ 35. Kg1 Rhh3 36. Rdd2 e4 37. Rc2 f3 38. Rxg3 Rxg3+ 39. Kh2
Rg2+ 40. Rxg2 fxg2 41. Kxg2 Kf6 42. Kf2 Ke5 43. Ke3 Kxd5 44. a3 Bd7 0-1

[Event "Summer TNM"]
[Site "San Francisco"]
[Date "2005.07.12"]
[Round "5"]
[White "Dupree, Charles"]
[Black "Belanoff, Ted"]
[Result "1-0"]
[WhiteElo "1896"]
[BlackElo "1626"]
[PlyCount "53"]
[EventDate "2005.06.14"]
[EventType "swiss"]
[EventRounds "8"]
[EventCountry "USA"]

1. e4 e5 2. f4 exf4 3. Nf3 g5 4. h4 g4 5. Ne5 h5 6. Bc4 Nh6 7. d4 d6 8. Nd3 Be7
9. Bxf4 Bxh4+ 10. g3 Bg5 11. Qd2 Bxf4 12. Nxf4 Qe7 13. Nc3 c6 14. O-O-O Bd7 15.
Rxh5 b5 16. Bb3 a5 17. a4 Na6 18. axb5 Nc7 19. bxc6 Bxc6 20. Nfd5 a4 21. Nxe7
axb3 22. cxb3 Kxe7 23. Rxh6 Ra1+ 24. Kc2 Rha8 25. Qg5+ Kd7 26. Qxg4+ Ke7 27.
Qf4 1-0

[Event "Summer TNM"]
[Site "San Francisco"]
[Date "2005.07.12"]
[Round "5"]
[White "Hilliard, Michael"]
[Black "Ladyzhensky, Boris"]
[Result "0-1"]
[WhiteElo "1400"]
[BlackElo "1700"]
[PlyCount "52"]
[EventDate "2005.06.14"]
[EventType "swiss"]
[EventRounds "8"]
[EventCountry "USA"]

1. d4 f5 2. Nc3 Nf6 3. Bg5 Ne4 4. Nf3 Nxg5 5. Nxg5 e5 6. h4 e4 7. e3 d5 8. g3
Bb4 9. Nh3 Be6 10. Nf4 Bf7 11. h5 Nd7 12. Bh3 Qf6 13. Qe2 O-O-O 14. O-O Bxc3
15. bxc3 Nb6 16. Qb5 g5 17. hxg6 hxg6 18. Bg2 g5 19. Ne2 Qh6 20. f3 Qh2+ 21.
Kf2 exf3 22. Kxf3 Bh5+ 23. Kf2 Bxe2 24. Rh1 Bxb5 25. Rxh2 Rxh2 26. Rb1 Bc4 0-1

[Event "Summer TNM"]
[Site "San Francisco"]
[Date "2005.07.12"]
[Round "5"]
[White "Hoo, Jonathan Soo"]
[Black "Chen, Wesley"]
[Result "0-1"]
[WhiteElo "1715"]
[BlackElo "1914"]
[PlyCount "50"]
[EventDate "2005.06.14"]
[EventType "swiss"]
[EventRounds "8"]
[EventCountry "USA"]

1. e4 e5 2. Nf3 Nf6 3. Nxe5 d6 4. Nf3 Nxe4 5. Nc3 Nxc3 6. dxc3 Be7 7. Bf4 Be6
8. Qd2 a6 9. O-O-O b5 10. Nd4 Bf6 11. Re1 Bxd4 12. cxd4 O-O 13. d5 Bf5 14. f3
c6 15. g4 Bg6 16. dxc6 Nxc6 17. Bxd6 Re8 18. Rxe8+ Qxe8 19. Bd3 Qe6 20. Bxg6
hxg6 21. Bg3 Qxa2 22. Qg2 Qa1+ 23. Kd2 Qxb2 24. Bc7 Nb4 25. Rc1 Qd4+ 0-1

[Event "Summer TNM"]
[Site "San Francisco"]
[Date "2005.07.12"]
[Round "5"]
[White "Litowsky, Dan"]
[Black "Sanguinetti, George"]
[Result "1-0"]
[WhiteElo "1712"]
[BlackElo "1958"]
[PlyCount "90"]
[EventDate "2005.06.14"]
[EventType "swiss"]
[EventRounds "8"]
[EventCountry "USA"]

1. e4 c5 2. Nc3 e6 3. Nf3 Nc6 4. Bc4 a6 5. a3 Be7 6. d3 Bf6 7. O-O Nge7 8. Bf4
d6 9. Qe2 Bxc3 10. bxc3 e5 11. Bg3 b5 12. Bb3 O-O 13. Ng5 Ng6 14. Qh5 h6 15.
Nxf7 Rxf7 16. Qxg6 c4 17. dxc4 Na5 18. cxb5 Nxb3 19. cxb3 Rf6 20. Qh5 Ra7 21.
Qe2 Qb6 22. a4 Raf7 23. a5 Qc5 24. b4 Qa7 25. b6 Qa8 26. c4 Bb7 27. f3 g5 28.
h3 Rg6 29. b5 Rfg7 30. c5 dxc5 31. Bxe5 Re7 32. Qc4+ Kh7 33. Qxc5 Rge6 34. Bd6
Rf7 35. Rad1 axb5 36. Qb4 Ba6 37. Bc7 Qc6 38. Rc1 Qe8 39. Rfd1 Rg7 40. Rd8 Qh5
41. Qf8 Qh4 42. Qf5+ Reg6 43. Be5 h5 44. g3 g4 45. gxh4 gxh3+ 1-0

[Event "Summer TNM"]
[Site "San Francisco"]
[Date "2005.07.12"]
[Round "5"]
[White "McCutchen, Wilmot"]
[Black "Jones, Ian"]
[Result "1/2-1/2"]
[WhiteElo "1547"]
[BlackElo "1688"]
[PlyCount "62"]
[EventDate "2005.06.14"]
[EventType "swiss"]
[EventRounds "8"]
[EventCountry "USA"]

1. e4 e5 2. Nf3 Nc6 3. Bc4 Nf6 4. Ng5 d5 5. exd5 Na5 6. Bb5+ c6 7. dxc6 bxc6 8.
Be2 h6 9. Nf3 e4 10. Ne5 Qd4 11. Ng4 Be7 12. Nxf6+ Bxf6 13. O-O O-O 14. Nc3 Bf5
15. b3 Rad8 16. Rb1 Rfe8 17. Bg4 Bg6 18. Qe2 Bg5 19. Qa6 Re5 20. Ne2 Qb6 21.
Qxb6 axb6 22. f4 exf3 23. Bxf3 Bxc2 24. Rb2 Bd3 25. Kf2 Rde8 26. Re1 Bf6 27. b4
Nc4 28. Rb3 Bxe2 29. Rxe2 Rxe2+ 30. Bxe2 Bd4+ 31. Kf1 Ne5 1/2-1/2

[Event "Summer TNM"]
[Site "San Francisco"]
[Date "2005.07.12"]
[Round "5"]
[White "Parker, Frank"]
[Black "Chan, John"]
[Result "1-0"]
[WhiteElo "1800"]
[BlackElo "1626"]
[PlyCount "83"]
[EventDate "2005.06.14"]
[EventType "swiss"]
[EventRounds "8"]
[EventCountry "USA"]

1. d4 Nf6 2. c4 g6 3. Nc3 c6 4. e4 d6 5. Nf3 Bg7 6. Be2 O-O 7. h3 Re8 8. O-O
Bd7 9. e5 {apparently moves missing} Qc8 10. exf6 exf6 11. Kh2 Qc7 12. Bf4 g5
13. Bg3 h6 14. c5 f5 15. Bxd6 Qd8 16. Bc4 g4 17. hxg4 fxg4 18. Ne5 Be6 19. Bxe6
Rxe6 20. Qxg4 Nd7 21. Nxd7 Qxd7 22. Ne4 Qd8 23. Rad1 Rg6 24. Qh3 b5 25. f4 h5
26. g3 Qa5 27. a3 Qa4 28. Qg2 Re8 29. Be5 f6 30. f5 Rh6 31. Bf4 Rh7 32. Nd6 Re7
33. Qd2 Qb3 34. Rde1 Bf8 35. Rxe7 Bxe7 36. Qe2 Qc4 37. Qe6+ Qxe6 38. fxe6 a6
39. Re1 Kf8 40. Nf5 Bd8 41. Bd6+ Ke8 42. e7 1-0

[Event "Summer TNM"]
[Site "San Francisco"]
[Date "2005.07.12"]
[Round "5"]
[White "Purcell, Brendan"]
[Black "Gray, William"]
[Result "1/2-1/2"]
[WhiteElo "1810"]
[BlackElo "2000"]
[PlyCount "57"]
[EventDate "2005.06.14"]
[EventType "swiss"]
[EventRounds "8"]
[EventCountry "USA"]

1. e4 c5 2. Nf3 d6 3. d4 cxd4 4. Nxd4 Nf6 5. Nc3 e6 6. Be3 Nc6 7. Qd2 d5 8.
exd5 Nxd5 9. Nb3 Nxe3 10. Qxd8+ Kxd8 11. fxe3 a6 12. O-O-O+ Kc7 13. Be2 Bb4 14.
Ne4 f5 15. Nf2 e5 16. c3 Be7 17. Kc2 Be6 18. e4 g6 19. Bf3 Rad8 20. Rxd8 Rxd8
21. Rd1 Rxd1 22. Nxd1 b5 23. Nc1 Nb8 24. Nd3 Bd6 25. N1f2 Nd7 26. h3 a5 27. Nc1
Nf6 28. Nb3 Nd7 29. g4 {remainder illegible} 1/2-1/2

[Event "Summer TNM"]
[Site "San Francisco"]
[Date "2005.07.12"]
[Round "5"]
[White "Riese, Kayven"]
[Black "Karnad, Joshua"]
[Result "0-1"]
[WhiteElo "1853"]
[BlackElo "1746"]
[PlyCount "79"]
[EventDate "2005.06.14"]
[EventType "swiss"]
[EventRounds "8"]
[EventCountry "USA"]

1. e4 e6 2. d4 d5 3. Nc3 Nf6 4. e5 Nfd7 5. f4 c5 6. Nf3 Nc6 7. Be3 cxd4 8. Nxd4
Bc5 9. Qd2 a6 10. O-O-O Nxd4 11. Bxd4 Bxd4 12. Qxd4 O-O 13. f5 Qg5+ 14. Kb1
Qxf5 15. Bd3 Qxe5 16. Bxh7+ Kxh7 17. Qh4+ Kg8 18. Rhf1 g6 19. Rd3 Nc5 20. Rh3
Qg7 21. Rhf3 f5 22. g4 Ne4 23. Nxe4 dxe4 24. Rc3 Bd7 25. Rd1 Bc6 26. gxf5 exf5
27. Rd6 g5 28. Qh5 Rad8 29. Rg6 Rd1+ 30. Qxd1 Qxg6 31. Qd4 Qf6 32. Qc4+ Kg7 33.
b3 f4 34. h4 g4 35. Qb4 f3 36. Rc5 f2 37. Rg5+ Qxg5 38. hxg5 f1=Q+ 39. Kb2 Qf5
40. Qd4+ 0-1

[Event "Summer TNM"]
[Site "San Francisco"]
[Date "2005.07.12"]
[Round "5"]
[White "Robbins, Chuck"]
[Black "Drane, Robert"]
[Result "1/2-1/2"]
[WhiteElo "1574"]
[BlackElo "1876"]
[PlyCount "101"]
[EventDate "2005.06.14"]
[EventType "swiss"]
[EventRounds "8"]
[EventCountry "USA"]

1. d4 f5 2. c4 d6 3. Nc3 g6 4. Nf3 Nf6 5. Qc2 Bg7 6. e3 c6 7. Bd3 Qc7 8. e4
fxe4 9. Nxe4 Nbd7 10. O-O Nxe4 11. Bxe4 Nf6 12. Re1 Nxe4 13. Qxe4 Bf5 14. Qh4
h6 15. Bf4 Bf6 16. Qg3 O-O-O 17. c5 g5 18. cxd6 exd6 19. Be3 Rdf8 20. Rac1 Kb8
21. Nd2 d5 22. Qf3 Qd7 23. Qd1 Bd8 24. b4 h5 25. Nb3 Qd6 26. Qd2 Bc7 27. g3 h4
28. Bxg5 hxg3 29. fxg3 Be4 30. Bf4 Rxf4 31. Qxf4 Qxf4 32. gxf4 Bxf4 33. Rxe4
dxe4 34. Rc2 e3 35. Nc5 Rh6 36. Rg2 Kc7 37. Rg7+ Kd8 38. h3 b6 39. Nd3 Rf6 40.
Rxa7 e2 41. Ra8+ Kd7 42. Ra7+ Kd6 43. Kf2 Re6 44. Rf7 Bd2 45. Ne1 Kd5 46. Rf3
Bxb4 47. Rb3 c5 48. dxc5 bxc5 49. Rb2 Kd4 50. Rxe2 Rxe2+ 51. Kxe2 {
drawn in 8 more moves} 1/2-1/2

[Event "Summer TNM"]
[Site "San Francisco"]
[Date "2005.07.12"]
[Round "5"]
[White "Rudyak, Felix"]
[Black "Oca, Homer"]
[Result "0-1"]
[WhiteElo "1909"]
[BlackElo "1671"]
[PlyCount "76"]
[EventDate "2005.06.14"]
[EventType "swiss"]
[EventRounds "8"]
[EventCountry "USA"]

1. e4 a6 2. d4 h6 3. Nf3 d6 4. Bd3 e6 5. O-O Nf6 6. e5 dxe5 7. dxe5 Nfd7 8. Qe2
c5 9. Rd1 g5 10. Nc3 Bg7 11. Ne4 O-O 12. Nfxg5 Nxe5 13. Nf3 Nxd3 14. Rxd3 Qc7
15. Ne1 f5 16. Ng3 f4 17. Nh5 e5 18. Nxg7 Qxg7 19. Rd5 Nc6 20. Rxc5 Bd7 21. Bd2
Rae8 22. Bc3 Nd4 23. Qf1 Bb5 24. Nd3 f3 25. Bxd4 exd4 26. g3 Re2 27. Re1 Rfe8
28. Rxe2 fxe2 29. Qe1 Bc6 30. f4 Re3 31. Re5 Bf3 32. Kf2 Be4 33. Kg1 Qg4 34.
Rxe4 Rxe4 35. Nf2 Qf3 36. Nxe4 Qxe4 37. Kf2 Qxc2 38. Qxe2 d3 0-1

[Event "Summer TNM"]
[Site "San Francisco"]
[Date "2005.07.12"]
[Round "5"]
[White "Sainz, Guadalupe"]
[Black "Wilkerson, Max"]
[Result "0-1"]
[WhiteElo "1654"]
[BlackElo "1907"]
[PlyCount "90"]
[EventDate "2005.06.14"]
[EventType "swiss"]
[EventRounds "8"]
[EventCountry "USA"]

1. d4 Nf6 2. c4 e6 3. Nc3 c5 4. d5 d6 5. Nf3 Be7 6. e4 O-O 7. Be2 e5 8. O-O Ne8
9. Qb3 b6 10. Qc2 Nd7 11. h3 Bf6 12. Nb5 a6 13. Nc3 Rb8 14. Be3 g6 15. Qd2 Ng7
16. Bh6 Re8 17. a4 Nf8 18. Nh2 Bh4 19. Ng4 f5 20. Nh2 Bf6 21. Bd3 f4 22. Be2
Bg5 23. Bxg5 Qxg5 24. Ng4 h5 25. Nh2 Bxh3 26. Bf3 Nh7 27. Kh1 Bg4 28. Ne2 Qh4
29. g3 Bxf3+ 30. Kg1 fxg3 31. fxg3 Qxe4 32. Nxf3 Qxc4 33. Nc3 Qg4 34. Ne4 Qxe4
35. Rae1 Qg4 36. Kg2 e4 37. Nh4 Ng5 38. Rh1 e3 39. Qc2 Qe4+ 40. Qxe4 Rxe4 41.
Nxg6 Rbe8 42. Nf4 e2 43. Nxh5 Nxh5 44. Rxh5 R4e5 45. Rhh1 Rxd5 0-1

[Event "Summer TNM"]
[Site "San Francisco"]
[Date "2005.07.12"]
[Round "5"]
[White "Samatra, Mario"]
[Black "Gurtovoy, Jason"]
[Result "1-0"]
[WhiteElo "1913"]
[BlackElo "1587"]
[PlyCount "71"]
[EventDate "2005.06.14"]
[EventType "swiss"]
[EventRounds "8"]
[EventCountry "USA"]

1. d4 d5 2. c4 e6 3. Nc3 Nf6 4. Bg5 Be7 5. e3 Nbd7 6. Nf3 O-O 7. Bd3 h6 8. Bh4
a6 9. c5 c6 10. b4 b6 11. O-O bxc5 12. bxc5 Qc7 13. Bg3 Qa5 14. Qc2 Nh5 15. Bf4
Nxf4 16. exf4 Qc7 17. Ne5 Bf6 18. Rab1 g6 19. Bxg6 fxg6 20. Qxg6+ Bg7 21. Qxe6+
Kh7 22. Qg6+ Kg8 23. Nxc6 Qxf4 24. Nxd5 Qf7 25. Qxf7+ Rxf7 26. Nc7 Rf6 27. d5
Rxc6 28. dxc6 Ra7 29. cxd7 Bxd7 30. Nd5 Be6 31. Rfd1 Bf8 32. c6 Rg7 33. Rb8 Bg4
34. Nf6+ Kf7 35. Nxg4 Rxg4 36. c7 1-0

[Event "Summer TNM"]
[Site "San Francisco"]
[Date "2005.07.12"]
[Round "5"]
[White "Woebcke, Carl"]
[Black "Starr, Albert"]
[Result "1-0"]
[WhiteElo "1637"]
[BlackElo "1294"]
[PlyCount "49"]
[EventDate "2005.06.14"]
[EventType "swiss"]
[EventRounds "8"]
[EventCountry "USA"]

1. e4 d6 2. d4 Nf6 3. Nc3 g6 4. Be3 Bg7 5. f3 a6 6. Qd2 h6 7. h4 Nh5 8. Nge2
Nc6 9. g4 Nf6 10. O-O-O b6 11. Bh3 Bb7 12. g5 Nh5 13. gxh6 Bf6 14. Bg4 e6 15.
Bg5 Bxg5 16. hxg5 f6 17. Bxh5 gxh5 18. g6 Kd7 19. Rdg1 Ne7 20. Rxh5 Qe8 21. Nf4
f5 22. h7 e5 23. dxe5 Kc6 24. e6 Nxg6 25. Qd5# 1-0

[Event "Summer TNM"]
[Site "San Francisco"]
[Date "2005.07.19"]
[Round "6"]
[White "Akol, Haluk"]
[Black "Crawford, Gareth"]
[Result "0-1"]
[WhiteElo "1171"]
[BlackElo "1339"]
[PlyCount "84"]
[EventDate "2005.06.14"]
[EventType "swiss"]
[EventRounds "8"]
[EventCountry "USA"]

1. e4 e5 2. c4 Bc5 3. d3 Nc6 4. Nf3 h6 5. h3 d6 6. Bd2 Nge7 7. Be2 f5 8. Nc3 f4
9. a3 a5 10. Qc1 Nd4 11. Bd1 Ng6 12. Nxd4 Bxd4 13. Nd5 c6 14. Nc3 O-O 15. Ne2
Bc5 16. Nc3 Nh4 17. Bf3 Nxf3+ 18. gxf3 Qh4 19. Rf1 Bxh3 20. Ke2 Bxf1+ 21. Qxf1
Rf6 22. Be1 Rg6 23. Kd2 Qh2 24. Kc2 Rg2 25. Nd1 Rf8 26. Kb3 Rg1 27. Qe2 Qg2 28.
Ka2 h5 29. Rc1 h4 30. Rc2 h3 31. Ne3 fxe3 32. fxe3 Qxe2 33. Rxe2 Rxf3 34. Bxa5
Rh1 35. Bc3 h2 36. d4 Bb6 37. dxe5 dxe5 38. Bxe5 Rxe3 39. Rg2 Kf7 40. Rxg7+ Ke6
41. Bb8 Rg1 42. Rxg1 hxg1=Q 0-1

[Event "Summer TNM"]
[Site "San Francisco"]
[Date "2005.07.19"]
[Round "6"]
[White "Bacelar, Erickson"]
[Black "Samatra, Mario"]
[Result "1/2-1/2"]
[WhiteElo "1704"]
[BlackElo "1913"]
[PlyCount "88"]
[EventDate "2005.06.14"]
[EventType "swiss"]
[EventRounds "8"]
[EventCountry "USA"]

1. d4 d5 2. c4 c6 3. e3 Nf6 4. Nf3 Bg4 5. h3 Bh5 6. Nbd2 e6 7. Bd3 Bd6 8. Qc2
Nbd7 9. O-O O-O 10. b3 Rc8 11. Bb2 Re8 12. Rac1 Bg6 13. a3 a5 14. Bxg6 hxg6 15.
c5 Bb8 16. b4 axb4 17. axb4 e5 18. dxe5 Nxe5 19. Rfd1 Qe7 20. Nxe5 Bxe5 21.
Bxe5 Qxe5 22. Nf3 Qe7 23. Ra1 Ra8 24. Qb2 Ne4 25. Rxa8 Rxa8 26. Ra1 Qd8 27.
Rxa8 Qxa8 28. Nd4 Qa4 29. Kh2 Qd1 30. Nf3 Qf1 31. Qe5 Qxf2 32. Qb8+ Kh7 33. Qc7
Qg3+ 34. Kg1 Qf2+ 35. Kh2 Qxe3 36. Qxb7 Qf4+ 37. Kg1 Qe3+ 38. Kh2 Qf4+ 39. Kg1
Ng3 40. Qxc6 Qc1+ 41. Kh2 Nf1+ 42. Kg1 Nd2+ 43. Kh2 Nf1+ 44. Kg1 Nd2+ 1/2-1/2

[Event "Summer TNM"]
[Site "San Francisco"]
[Date "2005.07.19"]
[Round "6"]
[White "Dunham, Tom"]
[Black "Sainz, Guadalupe"]
[Result "0-1"]
[WhiteElo "1098"]
[BlackElo "1654"]
[PlyCount "86"]
[EventDate "2005.06.14"]
[EventType "swiss"]
[EventRounds "8"]
[EventCountry "USA"]

1. e4 c5 2. Nf3 d6 3. d4 cxd4 4. Nxd4 Nf6 5. Nc3 a6 6. Bg5 e6 7. f4 Be7 8. Qf3
Nbd7 9. O-O-O Qc7 10. g4 b5 11. Bg2 Bb7 12. Qe2 b4 13. Na4 Rc8 14. Kb1 e5 15.
Nf5 g6 16. Ng7+ Kf8 17. Bh6 Kg8 18. Rd2 exf4 19. Rf1 Qa5 20. b3 Bc6 21. Nb2 Bb5
22. Nc4 Bxc4 23. bxc4 Bf8 24. Nf5 gxf5 25. Bxf8 Kxf8 26. exf5 Qe5 27. Qxe5 Nxe5
28. Rxd6 Nfxg4 29. Bh3 a5 30. f6 f3 31. Bxg4 Nxg4 32. Rxf3 Nxh2 33. Rf4 h5 34.
c5 Ng4 35. c6 Kg8 36. Rf5 Rh6 37. Rg5+ Rg6 38. Rf5 Ne3 39. Rc5 a4 40. c7 Rg1+
41. Kb2 Nd1+ 42. Kc1 Nc3+ 43. Kd2 Rd1+ 0-1

[Event "Summer TNM"]
[Site "San Francisco"]
[Date "2005.07.19"]
[Round "6"]
[White "Gurtovoy, Jason"]
[Black "Chen, Mingson"]
[Result "1/2-1/2"]
[WhiteElo "1587"]
[BlackElo "1952"]
[PlyCount "86"]
[EventDate "2005.06.14"]
[EventType "swiss"]
[EventRounds "8"]
[EventCountry "USA"]

1. e4 c6 2. d4 d5 3. e5 Bf5 4. f4 e6 5. Nf3 c5 6. c3 Nc6 7. Bb5 Qb6 8. Bxc6+
bxc6 9. O-O h6 10. Kh1 O-O-O 11. Qa4 Bd3 12. Rd1 Bb5 13. Qc2 cxd4 14. Nxd4 Bc5
15. Nxb5 Qxb5 16. a4 Qa6 17. b4 Bf8 18. Na3 c5 19. Be3 c4 20. f5 Ne7 21. fxe6
fxe6 22. b5 Qb7 23. Rdb1 Nf5 24. Bg1 Bxa3 25. Rxa3 Qe7 26. Ra2 Rd7 27. a5 Qh4
28. Bf2 Qe4 29. Qxe4 dxe4 30. g4 Ne7 31. a6 Nd5 32. b6 e3 33. bxa7 Rxa7 34. Be1
Kc7 35. Ra4 Nb6 36. Ra5 Kc6 37. Kg2 Rha8 38. Rba1 Rd8 39. Kf3 Rd3 40. Ke4 g5
41. R5a2 Rf7 42. Bg3 Nd5 43. Rc2 Ra7 1/2-1/2

[Event "Summer TNM"]
[Site "San Francisco"]
[Date "2005.07.19"]
[Round "6"]
[White "Jennings, Craig"]
[Black "Yamamoto, Craig"]
[Result "0-1"]
[WhiteElo "1043"]
[BlackElo "1557"]
[PlyCount "44"]
[EventDate "2005.06.14"]
[EventType "swiss"]
[EventRounds "8"]
[EventCountry "USA"]

1. e4 c5 2. Nf3 e6 3. Nc3 d5 4. exd5 exd5 5. Bb5+ Nc6 6. O-O a6 7. Bxc6+ bxc6
8. Re1+ Be7 9. d3 Nf6 10. Be3 d4 11. Na4 dxe3 12. Rxe3 O-O 13. Qe2 Bd6 14. d4
cxd4 15. Nxd4 Ng4 16. Nxc6 Bxh2+ 17. Kf1 Nxe3+ 18. Qxe3 Qd7 19. Ne7+ Kh8 20.
Nc5 Qb5+ 21. Nd3 Bd6 22. Ke1 Be6 0-1

[Event "Summer TNM"]
[Site "San Francisco"]
[Date "2005.07.19"]
[Round "6"]
[White "Ladyzhensky, Boris"]
[Black "Frank, Robert"]
[Result "1-0"]
[WhiteElo "1700"]
[BlackElo "1251"]
[PlyCount "47"]
[EventDate "2005.06.14"]
[EventType "swiss"]
[EventRounds "8"]
[EventCountry "USA"]

1. e4 e5 2. Nf3 Nc6 3. Bc4 Nf6 4. d3 Bc5 5. O-O O-O 6. c3 d5 7. exd5 Nxd5 8. h3
Re8 9. a4 Be7 10. a5 Bf6 11. Nbd2 Bf5 12. Qb3 Be6 13. Qxb7 Qd7 14. Ne4 a6 15.
Qb3 h6 16. Nxf6+ gxf6 17. Kh2 Kh7 18. Nd2 Nf4 19. Ne4 Nh5 20. Qd1 f5 21. Qxh5
fxe4 22. Qxh6+ Kg8 23. Qf6 Bxc4 24. Bh6 1-0

[Event "Summer TNM"]
[Site "San Francisco"]
[Date "2005.07.19"]
[Round "6"]
[White "Luke, Gary"]
[Black "Mar, Henry"]
[Result "1-0"]
[WhiteElo "1815"]
[BlackElo "1546"]
[PlyCount "39"]
[EventDate "2005.06.14"]
[EventType "swiss"]
[EventRounds "8"]
[EventCountry "USA"]

1. e4 e6 2. d4 d5 3. Nd2 Nf6 4. Bd3 Be7 5. Ngf3 dxe4 6. Nxe4 Nbd7 7. Neg5 h6 8.
Nh3 c6 9. Ne5 Qc7 10. Qe2 Bd6 11. f4 Nb6 12. c4 Nbd7 13. O-O O-O 14. g4 Re8 15.
g5 hxg5 16. fxg5 Nh7 17. Bxh7+ Kxh7 18. Qh5+ Kg8 19. Qxf7+ Kh7 20. Rf4 1-0

[Event "Summer TNM"]
[Site "San Francisco"]
[Date "2005.07.19"]
[Round "6"]
[White "Oca, Homer"]
[Black "Riese, Kayven"]
[Result "0-1"]
[WhiteElo "1671"]
[BlackElo "1853"]
[PlyCount "134"]
[EventDate "2005.06.14"]
[EventType "swiss"]
[EventRounds "8"]
[EventCountry "USA"]

1. h3 c5 2. a3 d5 3. e3 e5 4. d3 Nc6 5. Nf3 f5 6. Nc3 Nf6 7. b3 Bd6 8. Bb2 a6
9. g3 O-O 10. Bg2 Bc7 11. Ne2 h6 12. c3 Be6 13. Qc2 Qd7 14. d4 e4 15. Nd2 cxd4
16. cxd4 Rac8 17. Qd1 g5 18. b4 Ne7 19. f4 exf3 20. Nxf3 Ng6 21. Ne5 Nxe5 22.
dxe5 Ne4 23. O-O Bb8 24. Bd4 Rc4 25. Bxe4 dxe4 26. Rc1 Rfc8 27. Rc3 R8c6 28.
Qc2 Qd5 29. Rd1 Bxe5 30. Bc5 Rxc3 31. Nxc3 Qc4 32. Qd2 Rc8 33. Nd5 Qxd5 34.
Qxd5 Bxd5 35. Rxd5 Bxg3 36. Rxf5 Rd8 37. Kg2 Bc7 38. Bd4 Rf8 39. Rc5 Bb6 40.
Re5 Bxd4 41. exd4 Rf3 42. a4 Rf4 43. d5 e3 44. d6 Rd4 45. Re6 Kg7 46. Re7+ Kf6
47. Rxb7 Rxd6 48. a5 Ke5 49. Re7+ Kd4 50. Kf1 Kd3 51. Ke1 Rc6 52. Rd7+ Kc3 53.
Rb7 Kd4 54. Rb6 Kd5 55. b5 axb5 56. Rxb5+ Kc4 57. Rb1 Ra6 58. Ra1 Kd3 59. Ra3+
Ke4 60. Ke2 Kf4 61. Kf1 Kf3 62. Kg1 h5 63. Ra4 g4 64. h4 g3 65. Ra3 Rd6 66. Ra1
e2 67. Ra3+ Ke4 0-1

[Event "Summer TNM"]
[Site "San Francisco"]
[Date "2005.07.19"]
[Round "6"]
[White "Russell, Joe"]
[Black "Chan, John"]
[Result "0-1"]
[WhiteElo "1227"]
[BlackElo "1626"]
[PlyCount "80"]
[EventDate "2005.06.14"]
[EventType "swiss"]
[EventRounds "8"]
[EventCountry "USA"]

1. e4 c6 2. d4 d6 3. Nf3 g6 4. Be3 Bg7 5. Nc3 a6 6. Be2 h6 7. Qd2 b5 8. a3 Nd7
9. O-O Bb7 10. Rad1 Qc7 11. Rfe1 g5 12. d5 c5 13. Qc1 Rc8 14. Na2 Ngf6 15. Nd2
Ne5 16. f3 Qd7 17. c4 Ng6 18. cxb5 axb5 19. Nc3 c4 20. Nf1 Nh5 21. b3 Nhf4 22.
Bd2 Nxe2+ 23. Rxe2 cxb3 24. Qb2 O-O 25. Qxb3 Ba6 26. Ree1 Ne5 27. Rb1 Nd3 28.
Red1 Bd4+ 29. Ne3 Qa7 30. Kh1 Nf2+ 31. Kg1 Nxd1 32. Ncxd1 Rb8 33. Kh1 Bc8 34.
Nf5 Bxf5 35. exf5 Rfc8 36. f4 gxf4 37. Qh3 Bg7 38. Bxf4 Qd4 39. Ne3 Qxf4 40.
Kg1 Qg5 0-1